Statistics for Most Spoken Turkic Languages

Click here to take the quiz!

General Stats

  • This quiz has been taken 42 times
  • The average score is 13 of 30

Answer Stats

SpeakersLanguage GroupSpoken AreasLanguage% Correct
15 MKipchakCentral AsiaKazakh
100%
88 MOghuzAnatolia,Balkans,Iraq etc.Turkish
100%
30 MKarlukCentral AsiaUzbek
100%
11 MOghuzCentral AsiaTurkmen
97%
25 MOghuzCaucasia,IranAzerbaijani
92%
12 MKarlukChinaUyghur
92%
5 MKipchakCentral AsiaKyrgyz
89%
6,5 MKipchakRussiaTatar
76%
2,2 MKipchakRussiaBashkir
49%
600 KKipchakUkraine,RussiaCrimean Tatar
49%
450 KSiberian TurkicRussiaSakha
49%
1,3 MOghurRussiaChuvash
41%
650 KKipchakCentral AsiaKarakalpak
35%
400 KKipchakRussia,CaucasiaKarachay-Balkar
32%
57 KSiberian TurkicRussiaAltai
30%
100 KKipchakRussiaNogai
27%
1,5 MOghuzIranQashqai
24%
300 KSiberian TurkicRussiaTuvan
24%
140 KOghuzMoldova,UkraineGagauzian
22%
886 KOghuzIranKhorasani
22%
450 KKipchakRussiaKumyk
22%
150 KKipchakRussiaSiberian Tatar
19%
1 KSiberian TurkicRussiaDolgan
14%
65 KSiberian TurkicRussiaKhakasian
14%
70 KOghuzChinaSalar
14%
10 KSiberian TurkicRussiaShor
11%
3 KSiberian TurkicRussiaChulym
8%
42 KArguIranKhalaj
8%
15 KKarlukChinaWestern Yugur
8%
30 KOghuzAfghanistanAfshar
5%

Score Distribution

Percentile by Number Answered

Percent of People with Each Score

Your Score History

You have not taken this quiz